000 00657nam a22002177a 4500
003 UA-OsUOA
001 71142
007 ta
008 20101005b un ||||| |||| 00| 0 ukr d
100 _aХолли Р.
090 _a330
_bХ72
942 _cSA
040 _aUA-OsUOA
_brus
_cUA-OsUOA
_dUA-OsUOA
245 _aСтрахование в системах здравохранения стран Центральной и Восточной Европы
300 _aС.10-15
955 _a0
041 _arus
080 _a330
773 0 _w71141
_tФинансовые услуги
_dК.
_d2010
_g2
650 7 _a330 Економіка взагалі
_2UDC
999 _c357401
_d357401